[Event "Lyon op"]
[Site "Lyon"]
[Date "2005.04.16"]
[Round "1"]
[White "Schwartz, Pierre"]
[Black "Maruejols, Claude"]
[Result "0-1"]
[WhiteElo "1600"]
[BlackElo "2046"]
[PlyCount "44"]
[EventDate "2005.04.16"]
[EventType "swiss"]
[EventRounds "9"]
[EventCountry "FRA"]
[SourceTitle "CBM 105 Extra"]
[Source "ChessBase"]
[SourceDate "2005.05.01"]
[SourceVersion "1"]
[SourceVersionDate "2005.05.01"]
[SourceQuality "1"]

1. d4 g6 2. c4 Nf6 3. Nc3 d5 4. cxd5 Nxd5 5. Nxd5 Qxd5 6. Bf4 Nc6 7. e3 Bf5 8. Bd3 Qxg2 9. d5 Qxh1 10. Ke2 Bg4+ 11. f3 Qg2+ 12. Ke1 Qxg1+ 13. Bf1 Bh3 14. Qe2 Bxf1 15. Qxf1 Qxf1+ 16. Kxf1 Nb4 17. Bxc7 Bg7 18. e4 Rc8 19. d6 Bxb2 20. Rb1 Nd3 21. Rd1 exd6 22. Bxd6 Rc1 0-1